Регионална библиотека "Любен Каравелов" - Русе

Жертвата (Запис номер 421647)

MARC детайли
000 -Лидер
Контролно поле с фиксирана дължина 00936nam a2200241 a 4500
003 - Код на организацията, давaща контролен номер
Контролно поле BLK
005 - Дата и час на последна редакция
Контролно поле 20230724154907.0
008 - Елементи от данни с фиксирана дължина
fixed length control field 200315b bul|||||r ||||||| ||bul||
040 ## - Източник на каталожния запис
Идентификатор на билиотеката - собственик на записа BLK
041 ## - Код за език
Код за езика на текст/звукозапис или на отделно заглавие Български
Код за езика КДБФ Български
080 ## - УДК
Текстов определител УДК Българска литература
УДК код - определител по УДК 821.163.2
УДК - код + определител 821.163.2-22
100 ## - Редна дума - Автор
Автор Кацарова-Кукудова, Райна Димитрова
Дати, свързани с автора 1901-1984
Автор - информация (биография) Фолклорист, популяризатор на народната музика.
Авторска отговорност първи автор
R(LIN) 388824
139 ## - Редно поле
Редна дума Пеев, Иван
245 10 - Сведения за заглавието
Заглавие Жертвата
Подзаглавни данни Комедия в 1 д.
Редно поле (дума) Иван Пеев.
257 ## - Страна на издаване
Страна на създаване/издаване България
260 ## - Област на издателските данни
Място на издаване, разпространение и проч. София
Име на издателя, разпространителя и проч. Нар. култура
Година на издаване 1955
300 ## - Физическа характеристика
Страници 24 с.
Размери/Мащаб 17 см
380 ## - Жанр
Жанр Худож. лит.
490 ## - СЕРИИ (Колекции)
Име на серия Библиотека Народна сцена
9 (RLIN) 206834
852 ## - Местоположение
Форматна сигнатура Цб 8.170.46827
999 ## - СИСТЕМНИ КОНТРОЛНИ НОМЕРА
Koha biblionumber 421647
Koha biblioitemnumber 421647
942 ## - АРТИКУЛИ
Вид на библиотечния материал Книги
Скрит в OPAC Не
Периодичен библиозапис Да
944 ## - СЪЗДАВАНЕ И РЕДАКЦИЯ на ЗАПИСА
Създаване/Редакция Създаване
Служител, извършил регистрацията/редакцията 30556
Статус, дата на статуса Теодора Пейчева-Дянкова
Наличности
Код за отписване Код за изгубен артикул Източник на класификационната схема Код за повреда Коз за рестрикции Код за отдаване Артикулен № Име на библиотеката - собственик Име на библиотеката, в която се намира в момента Статус (Текущо местоположение) Дата на вписване в системата Местоположение - отдел Цена в лева Инвентарен номер Систематично азбучна сигнатура Баркод Цена в евро Служебен тип на артикула
  Не е изгубен Universal Decimal Classification Не е повреден само за читалня ползва се в читалня 839442 Регионална библиотека "Любен Каравелов" Русе Регионална библиотека "Любен Каравелов" Русе Хранилище 2021-06-28 Основен фонд - ползва се само за читалня 0.04 21740/62 Цб 8.170.46827 900000067438 0.02 Книги
Vip Innovations Ltd, Rousse, Bulgaria 2025